Detalles MARC
| 000 -CABECERA |
| campo de control de longitud fija |
01086nam a2200217 a 4500 |
| 001 - NÚMERO DE CONTROL |
| campo de control |
000044921 |
| 005 - FECHA Y HORA DE LA ÚLTIMA TRANSACCIÓN |
| campo de control |
20201002045731.0 |
| 008 - DATOS DE LONGITUD FIJA--INFORMACIÓN GENERAL |
| campo de control de longitud fija |
150119s2013 dr a 000 0 spa d |
| 020 ## - NÚMERO INTERNACIONAL ESTÁNDAR DEL LIBRO |
| Número Internacional Estándar del Libro |
9789945166231 |
| 040 ## - FUENTE DE LA CATALOGACIÓN |
| Centro catalogador/agencia de origen |
DO-SdBNP |
| Lengua de catalogación |
spa |
| Centro/agencia transcriptor |
BNPHU |
| 082 ## - NÚMERO DE LA CLASIFICACIÓN DECIMAL DEWEY |
| Número de clasificación |
xxxx |
| Número de documento/Ítem |
xxxx |
| 100 1# - ENTRADA PRINCIPAL--NOMBRE DE PERSONA |
| Nombre de persona |
Cruz, Consuelo |
| 9 (RLIN) |
56151 |
| 245 10 - MENCIÓN DE TÍTULO |
| Título |
Perfil socioeconómico : |
| Resto del título |
situación laboral de las mujeres y su autonomía económica en los Municipios Santo Domingo Norte, Santo Domingo Este, San Antonio de Guerra y Dajabón / |
| Mención de responsabilidad, etc. |
Consuelo Cruz ; presentación Nelly Chalas. |
| 260 ## - PUBLICACIÓN, DISTRIBUCIÓN, ETC. |
| Lugar de publicación, distribución, etc. |
Santo Domingo : |
| Nombre del editor, distribuidor, etc. |
CE-MUJER, |
| Fecha de publicación, distribución, etc. |
2013. |
| 300 ## - DESCRIPCIÓN FÍSICA |
| Extensión |
182 p. : |
| Otras características físicas |
il. ; |
| Dimensiones |
179 p. |
| 500 ## - NOTA GENERAL |
| Nota general |
Bajo el apoyo de: Unión Europea |
| 504 ## - NOTA DE BIBLIOGRAFÍA, ETC. |
| Nota de bibliografía, etc. |
Bibliografía : p. 181-182 |
| 505 0# - NOTA DE CONTENIDO CON FORMATO |
| Nota de contenido con formato |
Presentación -- |
| Título |
Introducción -- |
| -- |
Municipio Santo Domingo Este -- |
| -- |
Municipio Santo Domingo Norte -- |
| -- |
Municipio San Antonio de Guerra -- |
| -- |
Municipio Dajabón -- |
| -- |
Conclusiones y recomendaciones generales -- |
| 700 1# - PUNTO DE ACCESO ADICIONAL--NOMBRE DE PERSONA |
| Nombre de persona |
Chalas, Nelly, |
| Término indicativo de función/relación |
prest. |
| 9 (RLIN) |
2570 |
| 710 22 - PUNTO DE ACCESO ADICIONAL--NOMBRE DE ENTIDAD CORPORATIVA |
| Nombre de entidad corporativa o nombre de jurisdicción como elemento de entrada |
Centro Solidaridad Para Desarrollo De La Mujer (CE-MUJER), República Dominicana |
| 9 (RLIN) |
72934 |